00649nam a22002057a 450000500170000000800410001704000070005804100120006508200200007710000520009724500810014926000520023030000250028244000110030765000130031865000110033170000420034270000290038470000300041320230708114518.0221219b ||||| |||| 00| 0 eng d cAL aEnglish 223a297.1bIMAE aAyatullah Sayyid Kamal Fashish Imani and others aEnlightening Commentary into the Light of the Holy Quran Vol 17 Part 26 & 27 bAmir Ul Muimineen Ali (A S) Libraryc2011aIran a674p.bHBc24x17 cm. nVol 17 aReligion aMuslim aIMANI (Ayatullah Sayyid Kamal Faghih) aGROUP OF MUSLIM SCHOLARS aBAGHI (Mohammad Mehdi) Tr